000 01068nam a2200349 a 4500
001 vtls000080418
003 NLI
005 20210601194322.0
008 101125s1992 ne a 001 0 eng
020 _a0444888160 :
_cF 230
039 9 _y201011250844
_zVLOAD
040 0 _aNLI
_beng
_cEntertech-2003
_eAACR2
041 0 _aeng
044 _ane
082 0 4 _a152.35
245 0 0 _aVision and motor control /
_cedited by Luc Proteau and Digby Elliott
260 _aAmsterdam :
_bNorth-Holland Pub.,
_c1992
300 _axviii, 478 p. :
_bill. ;
_c22 cm.
440 0 _aAdvances in psychology ;
_vv. 85
_938531
500 _aIncludes index
650 0 _aPerceptual-motor processes
_9183997
650 0 _aMotion perception (Vision)
_9176138
650 0 _aVisual perception
650 0 _aKinesiology
700 1 _aProteau, Luc,
_4edt
_9185996
700 1 _aElliott, Digby,
_d1950-,
_4edt
_9185997
887 _a
901 _a519489
_b18.12.1992
902 _aE152.35 V825
949 _AVIRTUAITEM
_D10000
_X100
_6PUR000519489ENG
942 _2ddc
_cBKS
999 _aVIRTUA00
_c84635
_d84635